<?xml version="1.0" encoding="UTF-8"?><?xml-stylesheet type="text/xsl" href="static/style.xsl"?><OAI-PMH xmlns="http://www.openarchives.org/OAI/2.0/" xmlns:xsi="http://www.w3.org/2001/XMLSchema-instance" xsi:schemaLocation="http://www.openarchives.org/OAI/2.0/ http://www.openarchives.org/OAI/2.0/OAI-PMH.xsd"><responseDate>2026-06-05T14:30:32Z</responseDate><request verb="GetRecord" identifier="oai:riuma.uma.es:10630/34720" metadataPrefix="marc">https://riuma.uma.es/rest/oai/request</request><GetRecord><record><header><identifier>oai:riuma.uma.es:10630/34720</identifier><datestamp>2026-02-03T11:43:41Z</datestamp><setSpec>com_10630_2254</setSpec><setSpec>col_10630_37956</setSpec></header><metadata><record xmlns="http://www.loc.gov/MARC21/slim" xmlns:dcterms="http://purl.org/dc/terms/" xmlns:doc="http://www.lyncode.com/xoai" xmlns:xsi="http://www.w3.org/2001/XMLSchema-instance" xsi:schemaLocation="http://www.loc.gov/MARC21/slim http://www.loc.gov/standards/marcxml/schema/MARC21slim.xsd">
   <leader>00925njm 22002777a 4500</leader>
   <datafield ind2=" " ind1=" " tag="042">
      <subfield code="a">dc</subfield>
   </datafield>
   <datafield ind2=" " ind1=" " tag="720">
      <subfield code="a">Baquero Aguilar, Jorge</subfield>
      <subfield code="e">author</subfield>
   </datafield>
   <datafield ind2=" " ind1=" " tag="260">
      <subfield code="c">2020</subfield>
   </datafield>
   <datafield ind2=" " ind1=" " tag="520">
      <subfield code="a">A lo largo de este trabajo vamos a analizar la participación de las personas con&#xd;
discapacidad desde diferentes aspectos de la vida en sociedad. En primer lugar, veremos&#xd;
cómo se ha ido desarrollando la participación política dentro de la normativa tanto&#xd;
internacional como nacional. De forma que observaremos el estado actual en el que se&#xd;
encuentra la situación y las carencias que todavía se tiene al respecto de este nivel de &#xd;
participación; así como lo que todavía queda por desarrollarse a pesar de la profusa&#xd;
regulación normativa que existe al respecto. En el segundo apartado trataremos sobre la&#xd;
participación sindical de las personas con discapacidad. Cuestión de suma importancia&#xd;
dentro de los sistemas de relaciones laborales; y muy apoyada también por la regulación&#xd;
normativa tanto internacional como nacional pero que; como veremos, carece todavía de&#xd;
aceptables niveles de participación tanto dentro de las empresas como dentro de las&#xd;
propias organizaciones sindicales. En ese sentido, parece no existir una conciencia&#xd;
oportuna sobre la positividad que conlleva la participación de este colectivo dentro de las&#xd;
diferentes formas de organización sindical de nuestro país.</subfield>
   </datafield>
   <datafield ind1="8" ind2=" " tag="024">
      <subfield code="a">BAQUERO AGUILAR, J. "Participación en la vida política, sindical, pública y cultural", en Protección jurídico-social de las personas con discapacidad. Un enfoque integral y exhaustivo / coord. por Belén del Mar López Insua, José Luis Ruiz Santamaría; José Luis Monereo Pérez (dir.), María Nieves Moreno Vida (dir.), Antonio Márquez Prieto (dir.), Francisco Vila Tierno (dir.), Juan Antonio Maldonado Molina (dir.), Murcia, Laborum Ediciones, 2020, págs. 369-424.</subfield>
   </datafield>
   <datafield ind1="8" ind2=" " tag="024">
      <subfield code="a">https://hdl.handle.net/10630/34720</subfield>
   </datafield>
   <datafield tag="653" ind2=" " ind1=" ">
      <subfield code="a">Personas con discapacidad - Estatuto jurídico</subfield>
   </datafield>
   <datafield ind2="0" ind1="0" tag="245">
      <subfield code="a">Participación en la vida política, sindical, pública y cultural.</subfield>
   </datafield>
</record>
</metadata></record></GetRecord></OAI-PMH>